Hospodárska kríza a účinnosť nástrojov aktívnej politiky trhu práce diplomová práca

Salvato in:
Dettagli Bibliografici
Autore principale: Držíková, Zuzana
Ente Autore: Národohospodárska fakulta EU. Katedra sociálneho rozvoja a práce
Altri autori: Stanek, Vojtech
Natura: Libro
Lingua:slovacco
Pubblicazione: Bratislava 2010
Tags: Aggiungi Tag
Nessun Tag, puoi essere il primo ad aggiungerne!!

MARC

LEADER 00000nam a2200000 4500
001 0118367
005 20240318122236.2
041 0 |a slo 
044 |a SK 
245 1 0 |a Hospodárska kríza a účinnosť nástrojov aktívnej politiky trhu práce  |b diplomová práca  |c Zuzana Držíková ; škol. Vojtech Stanek 
264 1 |a Bratislava  |c 2010 
300 |a 108 s. 
100 1 |a Držíková, Zuzana 
700 1 |a Stanek, Vojtech 
710 2 |a Národohospodárska fakulta EU. Katedra sociálneho rozvoja a práce